The ecology of soil bacteria : an international symposium /
Guardado en:
| Otros Autores: | , |
|---|---|
| Formato: | Libro |
| Idioma: | English |
| Publicado: |
Liverpool :
Liverpool University Press,
1968.
|
| Etiquetas: |
Agregar Etiqueta
Sin Etiquetas, Sea el primero en etiquetar este registro!
|
| LEADER | 00551nam a22001455a 4500 | ||
|---|---|---|---|
| 001 | EEA.libagro001817 | ||
| 008 | 130809s1968####xxka##########000#0#eng#d | ||
| 005 | 20200221125721.0 | ||
| 245 | 1 | 4 | |a The ecology of soil bacteria : |b an international symposium / |c edited by T.R.G. Gray and D. Parkinson. |
| 260 | |a Liverpool : |b Liverpool University Press, |c 1968. | ||
| 300 | |a xv, 681 p. : |b il. ; |c 25 cm. | ||
| 700 | 1 | |a Gray, T. R. G. |q (Timothy R. G.), |d 1937- | |
| 700 | 1 | |a Parkinson, Donald, |d 1891- | |
| 082 | 0 | 4 | |a 631.46 |
| 859 | |a AR-BbBCA |b BIB. AGRONOMIA |h 631.46 |i G779 |p 1969/0047 | ||
